| 000 | 00532nam a2200169Ia 4500 | ||
|---|---|---|---|
| 008 | 230917s9999||||xx |||||||||||||| ||und|| | ||
| 020 | _cRS250 | ||
| 040 |
_e239229 _aMAIN |
||
| 041 | _aEnglish | ||
| 082 | _a891.437731 CG392P | ||
| 100 | _aचतुर्वेदी, ज्ञान | ||
| 245 | 0 | _aप्रत्यंचा | |
| 260 |
_aनई दिल्ली _bभारतीय ज्ञानपीठ _c2010 |
||
| 300 | _a249 पृय p. | ||
| 500 | _a2695 27/03/2017 IBS17/754 27/03/2017 Main Budget | ||
| 942 | _cBK | ||
| 999 |
_c22219 _d22219 |
||